000 01094cam a22003014a 4500
001 15668624
003 OSt
005 20140310181912.0
008 090320s2009 nyu 000 0 eng
010 _a 2009010287
020 _a9781585427116
040 _aDLC
_cDLC
050 0 0 _aHF 5386
_b.H554 2009
082 _aTR 332.024
_bH55 2009
100 1 _aFotinos, Joel.
_91366
245 1 4 _aThe think and grow rich workbook /
_cby Joel Fotinos & August Gold.
246 3 _aThink and grow rich workbook
260 _aNew York :
_bJeremy P. Tarcher/Penguin,
_cc2009.
300 _avii, 125 p. ;
_c28 cm.
650 0 _aSuccess in business.
_9442
700 1 _aGold, August,
_d1955-
_91367
700 1 _aHill, Napoleon,
_d1883-1970.
_tThink and grow rich.
_91368
906 _a7
_bcbc
_corignew
_d1
_eecip
_f20
_gy-gencatlg
942 _2lcc
_cHS
999 _c6598
_d6598